| 000 | 005420000a22001570004500 | ||
|---|---|---|---|
| 090 |
_aAR _b00494 |
||
| 245 | 1 | 0 | _aProtection of marine biodiversity: a new generation of fisheries agreements |
| 650 | 1 | 4 |
_aBiodiversidad marina _93747 |
| 650 | 1 | 4 |
_aRecursos marinos _993486 |
| 650 | 1 | 4 |
_aConvenios internacionales _93879 |
| 650 | 1 | 4 |
_aManejo pesquero _993528 |
| 041 | 0 | _aInglés | |
| 100 | 1 |
_aRengifo L., Antonio J. _993526 |
|
| 942 | _cARTICULO | ||
| 773 | 1 |
_tReview of European Community and International Enviromental Law _3194 _h3 _q313-321 _d1997 _g6 |
|
| 999 |
_c9590 _d9590 |
||